000
00334nam a22001457a 4500
008
210312b ||||| |||| 00| 0 eng d
020
_a
9780136076957
041
_a
eng
080
_2
4th
_a
004
082
_2
4th
_a
004
100
_a
35
101
_a
SHKI
245
_a
Starting out with Visual Basic 2008
_c
Gaddis,T
942
_2
udc
_c
BK
999
_c
56586
_d
56586